000 00593nam a2200205Ii 4500
003 JO-AjNU
008 230605s9999||||xx |||||||||||||| ||und||
040 _aJO-AjNU
_bara
_erda
_cJO-AjNU
041 _aara
050 1 4 _aBP163.G446 1965
100 3 _aالغزالي، محمد,
_eauthor
_915168
245 0 0 _aكفاح دين
250 _aط3
264 3 1 _aد.م: دار الكتب الحديثة، 1965
300 _a318ص
336 _atext
_btxt
_2rdacontent
337 _aunmediated
_bn
_2rdamedia
338 _avolume
_bnc
_2rdacarrier
650 4 _aالاسلام والدولة
_915169
999 _aA4220
_c7788
_d7788